Zastosowania matematyki w budowie maszyn : (Rekord nr 10349)
| 000 -ETYKIETA REKORDU | |
|---|---|
| podpole kontrolne o stałej długości | 01386nam a2200313 i 4500 |
| 001 - NUMER KONTROLNY REKORDU | |
| podpole kontrolne | 10349 |
| 003 - IDENTYFIKATOR NUMERU KONTROLNEGO REKORDU | |
| podpole kontrolne | KOSZ 005 |
| 005 - DATA OSTATNIEJ MODYFIKACJI REKORDU | |
| podpole kontrolne | 20180424144438.0 |
| 008 - POLE O STAŁEJ DŁUGOŚCI - DANE KONTROLNE | |
| podpole kontrolne o stałej długości | 980711s1994 pl a |100 0 pol |
| 040 ## - ŹRÓDŁO KATALOGOWANIA | |
| Instytucja, która sporządziła opis | WA N |
| Instytucja, która utworzyła rekord | WA N |
| Instytucja, która dokonała modyfikacji | KOSZ 005/EG |
| 041 0# - KOD JĘZYKA | |
| Kod języka tekstu | pol |
| -- | eng |
| Kod języka streszczenia lub abstraktu | pol |
| -- | eng |
| 080 ## - UNIWERSALNA KLASYFIKACJA DZIESIĘTNA - UKD | |
| UKD | 51 |
| 080 ## - UNIWERSALNA KLASYFIKACJA DZIESIĘTNA - UKD | |
| UKD | 621 |
| 080 ## - UNIWERSALNA KLASYFIKACJA DZIESIĘTNA - UKD | |
| UKD | (06) |
| 100 ## - NAZWA OSOBOWA | |
| Nazwa osobowa | KACALAK, Wojciech. |
| Instytucja | Wyższa Szkoła Inżynierska w Koszalinie - Instytut Techniki Wytwarzania, |
| Wydział | Zakład Obróbki Skrawaniem |
| Lata pracy | 1970 - 1996. |
| 245 10 - TYTUŁ/ODPOWIEDZIALNOŚĆ | |
| Tytuł | Zastosowania matematyki w budowie maszyn : |
| Ciąg dalszy tytułu | V Ogólnopolskie Seminarium Naukowe, Koszalin - Kołobrzeg 19-20 października 1994 / |
| Pozostałe elementy strefy tytułu i oznaczenia odpowiedzialności | pod red. nauk. Wojciecha Kacalaka. |
| 260 ## - STREFA ADRESU WYDAWNICZEGO | |
| Miejsce wydania | Koszalin : |
| Nazwa wydawcy/dystrybutora | Wydaw. Uczelniane WSI, |
| Data publikacji, dystrybucji/powstania dokumentu | 1994. |
| 300 ## - STREFA OPISU FIZYCZNEGO | |
| Objętość | 208 s. : |
| Inne cechy fizyczne | rys., wykr. ; |
| Rozmiary | 24 cm. |
| 490 1# - STREFA SERII I DOKUMENTU WIELOCZĘŚCIOWEGO - FORMA NIE DO WYSZUKIWANIA | |
| Tytuł i oznaczenie odpowiedzialności serii | Zeszyt Naukowy Wydziału Mechanicznego / Wyższa Szkoła Inżynierska w Koszalinie, |
| ISSN | 0860-0325 [i. e. 1427-5155] ; |
| Numeracja w obrębie serii | nr 18. |
| 500 ## - UWAGI OGÓLNE | |
| Tekst uwagi | Tekst częśc. ang. |
| 504 ## - UWAGA DOTYCZACA BIBLIOGRAFII | |
| Informacje o bibliografii | Bibliogr., streszcz., summ. przy ref. |
| 650 #0 - HASŁO PRZEDMIOTOWE W FORMIE NAZWY OGÓLNEJ LUB JEDNOSTKOWEJ | |
| Nazwa ogólna lub geograficzna | Badania operacyjne. |
| 650 #0 - HASŁO PRZEDMIOTOWE W FORMIE NAZWY OGÓLNEJ LUB JEDNOSTKOWEJ | |
| Nazwa ogólna lub geograficzna | Maszyny. |
| 650 #0 - HASŁO PRZEDMIOTOWE W FORMIE NAZWY OGÓLNEJ LUB JEDNOSTKOWEJ | |
| Nazwa ogólna lub geograficzna | Symulacja. |
| 655 #0 - TERMIN INDEKSOWY - OKREŚLENIE RODZAJU/FORMY DOKUMENTU | |
| Określnie rodzaju/formy dokumentu | Materiały konferencyjne. |
| 830 ## - HASŁO DODATKOWE SERII LUB DOKUMENTU WIELOCZĘŚCIOWEGO - TYTUŁ UJEDNOLICONY | |
| Tytuł ujednolicony | Zeszyt Naukowy Wydziału Mechanicznego - Wyższa Szkoła Inżynierska w Koszalinie ; |
| Oznaczenie tomu | nr 18 |
| 856 ## - LOKALIZACJA I DOSTĘP DO ELEKTRONICZNYCH DOKUMENTÓW ZDALNYCH | |
| Link (URL) | http://koha.tu.koszalin.pl/cgi-bin/koha/opac-detail.pl?biblionumber=6663 |
| Tekst linku | Katalog online BPK |
| 942 ## - HASŁO DODATKOWE - ELEMENTY(KOHA) | |
| Schemat klasyfikacji | Uniwersalna klasyfikacja dziesiętna |
| Typ dokumentu | Książka |
Brak dostępnych egzemplarzy.
